Statistics for Fifa 17 BPL top players

Click here to take the quiz!

General Stats

  • This quiz has been taken 2,264 times
  • The average score is 11 of 12

Answer Stats

ClubRatingAnswer% Correct
Manchester City89Sergio Aguero
97%
Manchester United90David De Gea
95%
Chelsea88Eden Hazard
95%
Arsenal89Mesut Ozil
94%
Manchester United88Paul Pogba
94%
Arsenal87Alexis Sanchez
91%
Manchester United90Zlatan Ibrahimovic
90%
Manchester City87David Silva
86%
Manchester City88Kevin De Bruyne
85%
Arsenal88Petr Cech
84%
Tottenham Hotspur88Hugo Lloris
84%
Chelsea89Thibaut Courtois
82%

Score Distribution

Percentile by Number Answered

Percent of People with Each Score

Your Score History

You have not taken this quiz